Due vie della semiotica (Le) - teorie strutturali e interpretative (Record n. 88129)

Dettagli MARC
000 -LEADER
fixed length control field 02154nam a2200289Ia 4500
001 - CONTROL NUMBER
control field H6961
003 - CONTROL NUMBER IDENTIFIER
control field IT-RoPAU
008 - FIXED-LENGTH DATA ELEMENTS--GENERAL INFORMATION
fixed length control field 130308s9999 xx 000 0 und d
040 ## - CATALOGING SOURCE
Original cataloging agency IT-RoPAU
040 ## - CATALOGING SOURCE
Transcribing agency IT-RoPAU
041 ## - LANGUAGE CODE
Language code of text/sound track or separate title ITALIANO
100 ## - MAIN ENTRY--PERSONAL NAME
Personal name Traini Stefano
100 ## - MAIN ENTRY--PERSONAL NAME
Miscellaneous information Codice Aut. SPICS: 40620
245 ## - TITLE STATEMENT
Title Due vie della semiotica (Le) - teorie strutturali e interpretative
245 ## - TITLE STATEMENT
Remainder of title Due vie della Semiotica (Le) - teorie Strutturali e Interpretative
250 ## - EDITION STATEMENT
Edition statement 1a ed.
260 ## - PUBLICATION, DISTRIBUTION, ETC. (IMPRINT)
Place of publication, distribution, etc. MILANO
260 ## - PUBLICATION, DISTRIBUTION, ETC. (IMPRINT)
Name of publisher, distributor, etc. Bompiani
260 ## - PUBLICATION, DISTRIBUTION, ETC. (IMPRINT)
Date of publication, distribution, etc. 2006 [1° Ed.:2006 - Ed.Ling.Originale:2006]
300 ## - PHYSICAL DESCRIPTION
Extent "370 p. (prefazione: no ; testo: 370 [pagine: 0-0])"
500 ## - GENERAL NOTE
General note "I Semiotica Strutturale: Ferdinand De Saussure, Dalla Linguistica Alla Semiologia (Langue e Parole; Linguistica Esterna e Interna; Semiologia; Segno Linguistico, Arbitrarietà e Linearita'; Immutabilità e Mutabilità Segno;Sincronia e Diacronia; Linguistica Sincronica; Arbitrarietà verticale e Orizzontale); Louis Hjelmslev, Tratti Fondamentali Linguaggi (5 Tratti Fondamentali Linguaggi; Dalle semiotiche Denotative Alla semiotiche Connotative); Roland Barthes, Semiologia Come Critica Sociale (Miti Oggi, Critica Connotazioni Ideologiche; Elementi Semiologia; Sistema Moda, Retorica e Ideologia; Retorica Immagine, Semi Connotativi; Analisi Racconto; fase Semiologica); Algirdas Julien Greimas, Percorso Generativo (Semantica Strutturale; progetto Semiotico; Percorso Generativo; Passioni); Sviluppi Semiotica Generativa (Sociosemiotica; Estesia; Corpo). Ii Semiotica Interpretativa: Charles Sanders Peirce, Abduzione, Semiosi, Segni (Verso Semiotica Cognitiva; Semiosi; classificazione Segni, Icone, Indici, Simboli); Umberto Eco, Modello Enciclopedico e cooperazione interpretativa (Teoria Codici; dal Modello semantico Dizionariale al Modello Enciclopedico; Natura Contrattuale Significato); Campo Interpretativo, Semantica di Patrizia Violi (Dalla Semiotica di Ecoalla Semantica di Violi; Verso Semantica Globale; Semantica Esperienziale.."
650 ## - SUBJECT ADDED ENTRY--TOPICAL TERM
Topical term or geographic name as entry element SEMIOLOGIA
650 ## - SUBJECT ADDED ENTRY--TOPICAL TERM
Relator term Codice materia Spics: 3251
942 ## - ADDED ENTRY ELEMENTS (KOHA)
Koha item type LIBRO
957 ## -
-- 1
999 ## - SYSTEM CONTROL NUMBERS (KOHA)
-- 1
Dati di copia
Withdrawn status Lost status Damaged status Not for loan Home library Current library Date acquired Total Checkouts Full call number Date last seen Price effective from Koha item type Public note
    Buone Condizioni Not For Loan SPICS-MEDIATECA SPICS-MEDIATECA 08/03/2013   H6961 08/03/2013 08/03/2013 LIBRO Progressivo inserimento: 5136 / N. Volumi: 1 Copie: 1 / data import: 1 marzo 2013 - By Epidotti, Trombetti, Vaglietti.
CREDITS: SOCIETA' SAN PAOLO Via A.Severo, 58 - ROMA (RM) & PERIODICI SAN PAOLO SRL Via Giotto, 36 MILANO & CISF Via Giotto, 36 MILANO & EDIZIONI SAN PAOLO SRL,  Piazza Soncino, 5 CINISELLO BALSAMO (MI) -- ITALY